| 000 | 00378cam a22001337a 4500 | ||
|---|---|---|---|
| 008 | 180718b1977 xxu||||| |||| 00| 0 eng d | ||
| 082 | _aA2:N4 Si58 | ||
| 100 | _aSimpson, Antony E. | ||
| 245 |
_aThe literature of police corruption _cby Antony E. Simpson |
||
| 260 |
_aNew York _bJohn Jay Press _c1977 |
||
| 300 | _a214p. | ||
| 650 | _aCorrption | ||
| 650 | _aPolice - Bibliography | ||
| 999 |
_c352956 _d352956 |
||